Essential cell biology

Enregistré dans:
Détails bibliographiques
Format: Livre
Langue:Undetermined
Publié: New York Garland Science 2009
Sujets:
Tags: Ajouter un tag
Pas de tags, Soyez le premier à ajouter un tag!
Thư viện lưu trữ: Trung tâm Học liệu Trường Đại học Cần Thơ
LEADER 00443nam a2200169Ia 4500
001 CTU_238002
008 210402s9999 xx 000 0 und d
082 |a 571.6 
082 |b E78 
245 0 |a Essential cell biology 
245 0 |c Bruce Alberts ... [et al.] 
260 |a New York 
260 |b Garland Science 
260 |c 2009 
650 |a Molecular biology 
910 |b nthai 
980 |a Trung tâm Học liệu Trường Đại học Cần Thơ